Theories of personality (Record no. 3173)

000 -LEADER
fixed length control field 00707cam a22002411 4500
001 - CONTROL NUMBER
control field 749028
003 - CONTROL NUMBER IDENTIFIER
control field OSt
005 - DATE AND TIME OF LATEST TRANSACTION
control field 20170105101210.0
008 - FIXED-LENGTH DATA ELEMENTS--GENERAL INFORMATION
fixed length control field 730410s1957 nyua b 000 0 eng
010 ## - LIBRARY OF CONGRESS CONTROL NUMBER
LC control number 57005915
040 ## - CATALOGING SOURCE
Original cataloging agency DLC
Transcribing agency DLC
Modifying agency DLC
050 00 - LIBRARY OF CONGRESS CALL NUMBER
Classification number BF698
Item number .H33
082 00 - DEWEY DECIMAL CLASSIFICATION NUMBER
Classification number 137
100 1# - MAIN ENTRY--PERSONAL NAME
Personal name Hall, Calvin S.
Fuller form of name (Calvin Springer),
Dates associated with a name 1909-1985.
245 10 - TITLE STATEMENT
Title Theories of personality
Statement of responsibility, etc. [by] Calvin S. Hall and Gardner Lindzey.
260 ## - PUBLICATION, DISTRIBUTION, ETC.
Place of publication, distribution, etc. New York,
Name of publisher, distributor, etc. Wiley
Date of publication, distribution, etc. [1957]
300 ## - PHYSICAL DESCRIPTION
Extent 572 p.
Other physical details illus.
Dimensions 24 cm.
504 ## - BIBLIOGRAPHY, ETC. NOTE
Bibliography, etc. note Includes bibliographies.
650 #0 - SUBJECT ADDED ENTRY--TOPICAL TERM
Topical term or geographic name entry element Personality.
700 1# - ADDED ENTRY--PERSONAL NAME
Personal name Lindzey, Gardner,
Relator term joint author.
906 ## - LOCAL DATA ELEMENT F, LDF (RLIN)
a 7
b cbc
c orignew
d u
e ocip
f 19
g y-gencatlg
942 ## - ADDED ENTRY ELEMENTS (KOHA)
Source of classification or shelving scheme
Koha item type Book
Holdings
Withdrawn status Lost status Source of classification or shelving scheme Damaged status Not for loan Collection code Permanent Location Current Location Shelving location Date acquired Total Checkouts Full call number Barcode Date last seen Date last checked out Price effective from Koha item type
            Central Library (CL) Central Library (CL) General Stacks 05/18/2016 2 137 HAL S3H-D-130 01/03/2020 01/11/2019 05/18/2016 Book
© 2023 Central Library, National University of Sciences and Technology. All Rights Reserved.